| 000 | 01198nam a22002657a 4500 | ||
|---|---|---|---|
| 003 | BJBSDDR | ||
| 005 | 20251202134451.0 | ||
| 007 | ta | ||
| 008 | 250929s1990 nyu||||| |||| 00| 0 eng d | ||
| 020 | _a9780195063172 | ||
| 020 | _a0195063171 | ||
| 040 |
_beng _cDLC |
||
| 041 | _aeng | ||
| 050 | 1 | 4 |
_aPN 4121 _bJ32e 1990 |
| 100 | 1 |
_aJamieson, Kathleen Hall, _d1946- _96605 |
|
| 245 | 1 | 0 |
_aEloquence in an electronic age : _bthe transformation of political speechmaking / _cKathleen Hall Jamieson. |
| 260 |
_aNew York, NY : _bOxford University Press, _c1990 |
||
| 300 |
_axi, 301 pages ; _b21 cm |
||
| 500 | _a"First issued as an Oxford University Press paperback, 1990"--T.p. verso. - Originally published: 1988 | ||
| 520 | _aOffers an account of the transformation of political speechmaking. This book addresses such issues about public speaking as what talents and techniques differentiate eloquent speakers from non-eloquent speakers. It offers insight into public speaking, contemporary characteristics of eloquence, and the future of political discourse in America. | ||
| 650 | 4 |
_aHablar en público _929046 |
|
| 650 | 4 |
_aElocuencia _94842 |
|
| 942 |
_2lcc _cBK |
||
| 946 | _icmc | ||
| 999 |
_c125345 _d125345 |
||